Геофизические исследования в Средней Сибири: сборник научных трудов, посвященный 80-летию разведочной геофизики Средней Сибири

Bibliographische Detailangaben
Körperschaften: Красноярский научно-исследовательский институт геологии и минерального сырья, Красноярская горно-геологическая компания
Weitere Verfasser: Еханин А. Г. (редактор), Афанасьев Б. М.
Zusammenfassung:Сборник научных трудов посвящен 80-летию геофизических исследований в Средней Сибири. Сборник представляет собой оригинальное издание, в котором впервые отражены основные вехи зарождения, становления и развития разведочной геофизики в Средней Сибири и ее роль в создании минерально-сырьевой базы региона. Освещаются также вопросы геофизического приборостроения и геофизического образования. В статьях сборника отражены различные аспекты применения геофизических методов и их геолого-экономической эффективности при региональных геологических исследованиях, поисках рудных, угольных и нефтегазовых месторождений, при решении разнообразных нетрадиционных задач. В сборнике помещены также воспоминания ветеранов-геофизиков и хронология основных событий истории разведочной геофизики региона.
Sprache:Russisch
Veröffentlicht: Красноярск, Изд-во КНИИГиМС, 1997
Schlagworte:
Format: MixedMaterials Buch
KOHA link:https://koha.lib.tpu.ru/cgi-bin/koha/opac-detail.pl?biblionumber=367788

MARC

LEADER 00000nam0a2200000 4500
001 367788
005 20231102012023.0
035 |a (RuTPU)RU\TPU\retro\25151 
090 |a 367788 
100 |a 20220322d1997 k y0rusy50 ca 
101 0 |a rus 
102 |a RU 
105 |a a z 010zy 
200 1 |a Геофизические исследования в Средней Сибири  |e сборник научных трудов, посвященный 80-летию разведочной геофизики Средней Сибири  |f Красноярский научно-исследовательский институт геологии и минерального сырья ; Красноярская горно-геологическая компания ; гл. ред. А. Г. Еханин ; под ред. Б. М. Афанасьева 
210 |a Красноярск  |c Изд-во КНИИГиМС  |d 1997 
215 |a 381 с.  |c ил. 
316 |5 63413507: КР-7494  |a На титульном листе дарственная надпись: "Глубокоуважаемому Леониду Петровичу на добрую память и наилучшими пожеланиями 27.01.98 г. Б. Афанасьев" 
317 |5 63413507: КР-7494  |a Поступил в НТБ в 2021 г. в дар от семьи профессора ТПУ Л. П. Рихванова 
330 |a Сборник научных трудов посвящен 80-летию геофизических исследований в Средней Сибири. Сборник представляет собой оригинальное издание, в котором впервые отражены основные вехи зарождения, становления и развития разведочной геофизики в Средней Сибири и ее роль в создании минерально-сырьевой базы региона. Освещаются также вопросы геофизического приборостроения и геофизического образования. В статьях сборника отражены различные аспекты применения геофизических методов и их геолого-экономической эффективности при региональных геологических исследованиях, поисках рудных, угольных и нефтегазовых месторождений, при решении разнообразных нетрадиционных задач. В сборнике помещены также воспоминания ветеранов-геофизиков и хронология основных событий истории разведочной геофизики региона. 
606 1 |a Геофизические исследования  |2 stltpush  |3 (RuTPU)RU\TPU\subj\6266  |9 34194 
610 1 |a Библиотека Л. П. Рихванова 
610 1 |a разведочная геофизика 
610 1 |a минерально-сырьевые базы 
610 1 |a геофизическое приборостроение 
610 1 |a рудные месторождения 
610 1 |a угольные месторождения 
610 1 |a нефтегазовые месторождения 
610 1 |a воспоминания 
610 1 |a дарственные надписи 
610 1 |a дары автора 
610 1 |a дары библиотеке 
675 |a 550.3  |v 4 
702 1 |a Еханин  |b А. Г.  |4 651 
702 1 |a Афанасьев  |b Б. М.  |4 340 
712 0 2 |a Красноярский научно-исследовательский институт геологии и минерального сырья  |c (1993- )  |2 stltpush  |3 (RuTPU)RU\TPU\col\38  |9 23145 
712 0 2 |a Красноярская горно-геологическая компания  |2 stltpush  |3 (RuTPU)RU\TPU\col\16906  |9 26447 
801 1 |a RU  |b 63413507  |c 20220322 
801 2 |a RU  |b 63413507  |c 20220614  |g RCR 
942 |c BK